[Event "Campeonatos de Espana Universitarios 20"]
[Site "Universidad de Alicante, Spai"]
[Date "2019.04.09"]
[Round "3.3"]
[White "Gomez Dieguez, Adrian"]
[Black "Taboas Rodriguez, Daniel"]
[Result "1-0"]
[WhiteElo "2304"]
[BlackElo "2423"]
[PlyCount "143"]
[EventDate "2019.??.??"]

1. e4 {[%clk 00:39:53]  [%emt 00:00:17]} 1... e6 {
[%clk 00:40:08]  [%emt 00:00:06]} 2. d4 {[%clk 00:39:54]  [%emt 00:00:03]} 2...
d5 {[%clk 00:40:11]  [%emt 00:00:04]} 3. Nc3 {[%clk 00:39:54]  [%emt 00:00:06]}
3... Nf6 {[%clk 00:39:48]  [%emt 00:00:22]} 4. e5 {
[%clk 00:39:56]  [%emt 00:00:13]} 4... Nfd7 {[%clk 00:39:51]} 5. f4 {
[%clk 00:39:57]} 5... c5 {[%clk 00:39:54]} 6. Nf3 {
[%clk 00:39:57]  [%emt 00:00:14]} 6... Nc6 {[%clk 00:39:57]} 7. Be3 {
[%clk 00:39:58]} 7... cxd4 {[%clk 00:39:19]  [%emt 00:00:40]} 8. Nxd4 {
[%clk 00:39:57]  [%emt 00:00:24]} 8... Bc5 {[%clk 00:39:21]} 9. Qd2 {
[%clk 00:39:50]  [%emt 00:00:04]} 9... Bxd4 {[%clk 00:39:19]  [%emt 00:00:04]}
10. Bxd4 {[%clk 00:39:51]  [%emt 00:00:03]} 10... Nxd4 {[%clk 00:39:21]} 11.
Qxd4 {[%clk 00:39:50]  [%emt 00:00:07]} 11... Qb6 {
[%clk 00:39:24]  [%emt 00:00:03]} 12. O-O-O {[%clk 00:39:49]  [%emt 00:00:08]}
12... Qxd4 {[%clk 00:39:25]  [%emt 00:00:04]} 13. Rxd4 {
[%clk 00:39:49]  [%emt 00:00:04]} 13... Ke7 {[%clk 00:39:24]  [%emt 00:00:03]}
14. h4 {[%clk 00:39:28]  [%emt 00:00:27]} 14... Nc5 {
[%clk 00:37:35]  [%emt 00:01:54]} 15. Rh3 {[%clk 00:38:33]  [%emt 00:00:58]}
15... Bd7 {[%clk 00:37:32]  [%emt 00:00:33]} 16. Rg3 {
[%clk 00:38:05]  [%emt 00:00:07]} 16... g6 {[%clk 00:37:31]  [%emt 00:00:15]}
17. b4 {[%clk 00:36:41]  [%emt 00:01:20]} 17... Na6 {
[%clk 00:37:16]  [%emt 00:00:19]} 18. Nd1 {[%clk 00:36:01]  [%emt 00:00:57]}
18... Rac8 {[%clk 00:36:46]  [%emt 00:00:24]} 19. Kb2 {
[%clk 00:35:34]  [%emt 00:00:32]} 19... Nc7 {[%clk 00:34:50]  [%emt 00:02:01]}
20. Rc3 {[%clk 00:35:31]  [%emt 00:00:24]} 20... a6 {
[%clk 00:34:05]  [%emt 00:00:42]} 21. Ne3 {[%clk 00:32:39]  [%emt 00:02:51]}
21... Bb5 {[%clk 00:33:44]  [%emt 00:00:25]} 22. Bxb5 {
[%clk 00:31:58]  [%emt 00:00:47]} 22... Nxb5 {[%clk 00:33:44]  [%emt 00:00:07]}
23. Rxc8 {[%clk 00:31:58]  [%emt 00:00:12]} 23... Rxc8 {[%clk 00:33:47]} 24.
Rd3 {[%clk 00:31:55]  [%emt 00:00:07]} 24... f6 {
[%clk 00:26:00]  [%emt 00:07:47]} 25. a4 {[%clk 00:29:21]  [%emt 00:02:36]}
25... Na7 {[%clk 00:24:56]  [%emt 00:01:16]} 26. exf6+ {
[%clk 00:28:49]  [%emt 00:00:48]} 26... Kxf6 {[%clk 00:24:58]} 27. Kb3 {
[%clk 00:28:44]  [%emt 00:00:03]} 27... b5 {[%clk 00:22:04]  [%emt 00:02:50]}
28. axb5 {[%clk 00:26:58]  [%emt 00:01:51]} 28... axb5 {
[%clk 00:22:04]  [%emt 00:00:32]} 29. g3 {[%clk 00:26:19]  [%emt 00:00:19]}
29... Nc6 {[%clk 00:16:31]  [%emt 00:05:38]} 30. c3 {
[%clk 00:25:56]  [%emt 00:00:28]} 30... Ra8 {[%clk 00:16:19]  [%emt 00:00:16]}
31. Rd1 {[%clk 00:25:24]  [%emt 00:00:37]} 31... Ra4 {
[%clk 00:15:22]  [%emt 00:01:00]} 32. Re1 {[%clk 00:23:25]  [%emt 00:02:07]}
32... h5 {[%clk 00:13:46]  [%emt 00:01:38]} 33. Nc2 {
[%clk 00:22:03]  [%emt 00:01:27]} 33... Ra6 {[%clk 00:12:35]  [%emt 00:01:24]}
34. Na3 {[%clk 00:20:23]  [%emt 00:01:45]} 34... Rb6 {
[%clk 00:12:13]  [%emt 00:00:21]} 35. Kc2 {[%clk 00:20:19]  [%emt 00:00:07]}
35... Ne7 {[%clk 00:11:10]  [%emt 00:01:10]} 36. Kd3 {
[%clk 00:19:34]  [%emt 00:00:47]} 36... Nf5 {[%clk 00:11:12]  [%emt 00:00:10]}
37. Rg1 {[%clk 00:19:29]  [%emt 00:00:16]} 37... Rb8 {
[%clk 00:10:37]  [%emt 00:00:31]} 38. Rg2 {[%clk 00:19:03]  [%emt 00:00:28]}
38... Nd6 {[%clk 00:10:01]  [%emt 00:00:42]} 39. Nc2 {
[%clk 00:18:08]  [%emt 00:00:59]} 39... Ra8 {[%clk 00:09:14]  [%emt 00:00:52]}
40. Re2 {[%clk 00:17:28]  [%emt 00:00:45]} 40... Ne4 {
[%clk 00:05:36]  [%emt 00:03:42]} 41. Nd4 {[%clk 00:16:52]  [%emt 00:00:41]}
41... Ra1 {[%clk 00:05:29]  [%emt 00:00:12]} 42. Re3 {
[%clk 00:15:55]  [%emt 00:01:16]} 42... Ra2 {[%clk 00:04:03]  [%emt 00:01:17]}
43. Re2 {[%clk 00:15:42]  [%emt 00:00:23]} 43... Ra1 {
[%clk 00:03:20]  [%emt 00:00:44]} 44. Re3 {[%clk 00:15:30]  [%emt 00:00:17]}
44... Rd1+ {[%clk 00:02:54]  [%emt 00:00:31]} 45. Kc2 {
[%clk 00:15:31]  [%emt 00:00:14]} 45... Rg1 {[%clk 00:02:12]  [%emt 00:00:40]}
46. Nxb5 {[%clk 00:15:20]  [%emt 00:00:25]} 46... Nxg3 {
[%clk 00:01:37]  [%emt 00:00:29]} 47. Nd4 {[%clk 00:15:22]  [%emt 00:00:17]}
47... Ne4 {[%clk 00:01:37]} 48. b5 {[%clk 00:15:08]  [%emt 00:00:24]} 48... Ke7
{[%clk 00:01:04]  [%emt 00:00:25]} 49. b6 {[%clk 00:14:14]  [%emt 00:01:02]}
49... Rg2+ {[%clk 00:00:43]  [%emt 00:00:23]} 50. Kc1 {
[%clk 00:13:33]  [%emt 00:00:47]} 50... Kd6 {[%clk 00:00:33]  [%emt 00:00:13]}
51. Nxe6 {[%clk 00:13:01]  [%emt 00:00:37]} 51... Kc6 {
[%clk 00:00:23]  [%emt 00:00:32]} 52. c4 {[%clk 00:11:55]  [%emt 00:00:54]}
52... Nf6 {[%clk 00:00:26]  [%emt 00:00:39]} 53. c5 {
[%clk 00:11:06]  [%emt 00:00:17]} 53... d4 {[%clk 00:00:22]  [%emt 00:00:15]}
54. Nxd4+ {[%clk 00:11:02]  [%emt 00:00:04]} 54... Kxc5 {
[%clk 00:00:25]  [%emt 00:00:33]} 55. b7 {[%clk 00:10:49]  [%emt 00:00:04]}
55... Nd7 {[%clk 00:00:29]} 56. Re7 {[%clk 00:10:36]  [%emt 00:00:04]} 56...
Nb8 {[%clk 00:00:33]} 57. Re8 {[%clk 00:10:22]  [%emt 00:00:18]} 57... Na6 {
[%clk 00:00:22]  [%emt 00:00:45]} 58. Ra8 {[%clk 00:10:10]} 58... Kb6 {
[%clk 00:00:23]} 59. Rxa6+ {[%clk 00:09:50]  [%emt 00:00:45]} 59... Kxb7 {
[%clk 00:00:27]} 60. Rf6 {[%clk 00:09:42]} 60... Kc7 {
[%clk 00:00:13]  [%emt 00:00:07]} 61. Nf3 {[%clk 00:09:25]  [%emt 00:00:19]}
61... Rg4 {[%clk 00:00:14]  [%emt 00:00:38]} 62. Kd2 {[%clk 00:09:30]} 62...
Kd8 {[%clk 00:00:15]} 63. Ke3 {[%clk 00:09:28]} 63... Ke7 {[%clk 00:00:19]} 64.
Ra6 {[%clk 00:09:32]} 64... Kf8 {[%clk 00:00:16]} 65. Ra1 {[%clk 00:09:32]}
65... Kg7 {[%clk 00:00:08]  [%emt 00:00:07]} 66. Rg1 {
[%clk 00:09:36]  [%emt 00:00:03]} 66... Kh6 {[%clk 00:00:12]} 67. Rxg4 {
[%clk 00:08:44]  [%emt 00:00:59]} 67... hxg4 {[%clk 00:00:15]  [%emt 00:00:04]}
68. Ne5 {[%clk 00:08:48]} 68... Kh5 {[%clk 00:00:19]} 69. Nxg6 {
[%clk 00:08:52]  [%emt 00:00:04]} 69... Kxg6 {[%clk 00:00:06]  [%emt 00:00:11]}
70. Kf2 {[%clk 00:08:57]} 70... Kh6 {[%clk 00:00:06]  [%emt 00:00:09]} 71. Kg3
{[%clk 00:09:01]} 71... Kh5 {[%clk 00:00:10]  [%emt 00:00:04]} 72. f5 {
[%clk 00:09:05]} 1-0

[Event "Campeonatos de Espana Universitarios 20"]
[Site "Universidad de Alicante, Spai"]
[Date "2019.04.09"]
[Round "3.4"]
[White "Silva Rodriguez, Fernando"]
[Black "Suarez Uriel, Adrian"]
[Result "0-1"]
[WhiteElo "2260"]
[BlackElo "2397"]
[PlyCount "56"]
[EventDate "2019.??.??"]

1. e4 {[%clk 00:40:07]} 1... d6 {[%clk 00:40:09]} 2. d4 {[%clk 00:40:09]} 2...
Nf6 {[%clk 00:40:12]} 3. Nc3 {[%clk 00:40:12]} 3... e5 {
[%clk 00:40:16]  [%emt 00:00:03]} 4. Nf3 {[%clk 00:40:15]} 4... Nbd7 {
[%clk 00:40:19]} 5. Bc4 {[%clk 00:40:13]} 5... Be7 {[%clk 00:40:23]} 6. a4 {
[%clk 00:40:14]} 6... c6 {[%clk 00:40:13]  [%emt 00:00:06]} 7. O-O {
[%clk 00:40:09]  [%emt 00:00:35]} 7... h6 {[%clk 00:40:17]  [%emt 00:00:07]} 8.
h3 {[%clk 00:39:25]  [%emt 00:00:18]} 8... Qc7 {
[%clk 00:40:20]  [%emt 00:00:43]} 9. Re1 {[%clk 00:38:17]  [%emt 00:00:32]}
9... a5 {[%clk 00:40:20]  [%emt 00:00:33]} 10. Nh4 {
[%clk 00:36:17]  [%emt 00:01:37]} 10... Nf8 {[%clk 00:38:24]  [%emt 00:02:04]}
11. Nf5 {[%clk 00:35:20]  [%emt 00:01:27]} 11... Bxf5 {
[%clk 00:38:02]  [%emt 00:00:04]} 12. exf5 {[%clk 00:35:22]  [%emt 00:00:03]}
12... N8d7 {[%clk 00:37:45]  [%emt 00:00:17]} 13. f4 {
[%clk 00:31:12]  [%emt 00:04:18]} 13... O-O {[%clk 00:36:52]  [%emt 00:00:56]}
14. Kh1 {[%clk 00:30:06]  [%emt 00:01:10]} 14... Rfe8 {
[%clk 00:35:25]  [%emt 00:01:57]} 15. Ba2 {[%clk 00:26:17]  [%emt 00:03:29]}
15... exd4 {[%clk 00:35:01]  [%emt 00:00:29]} 16. Qxd4 {
[%clk 00:26:13]  [%emt 00:00:16]} 16... d5 {[%clk 00:35:05]} 17. Bd2 {
[%clk 00:25:26]  [%emt 00:00:46]} 17... Bc5 {[%clk 00:33:50]  [%emt 00:01:20]}
18. Qd3 {[%clk 00:25:27]  [%emt 00:00:16]} 18... Bb4 {[%clk 00:33:49]} 19. Qf3
{[%clk 00:25:02]  [%emt 00:00:26]} 19... Nc5 {[%clk 00:32:59]  [%emt 00:00:53]}
20. Rg1 {[%clk 00:22:08]  [%emt 00:03:19]} 20... d4 {
[%clk 00:29:22]  [%emt 00:03:23]} 21. Nb1 {[%clk 00:22:08]  [%emt 00:00:44]}
21... Bxd2 {[%clk 00:29:25]} 22. Nxd2 {[%clk 00:22:11]} 22... Re3 {
[%clk 00:29:29]} 23. Qf1 {[%clk 00:21:17]  [%emt 00:00:24]} 23... Nh5 {
[%clk 00:28:41]  [%emt 00:00:53]} 24. Qc4 {[%clk 00:18:19]  [%emt 00:03:02]}
24... Ng3+ {[%clk 00:27:54]  [%emt 00:00:56]} 25. Kh2 {
[%clk 00:18:21]  [%emt 00:00:04]} 25... Qxf4 {[%clk 00:27:57]  [%emt 00:00:03]}
26. Nf3 {[%clk 00:18:23]} 26... Nf1+ {[%clk 00:26:44]  [%emt 00:01:17]} 27. Kh1
{[%clk 00:18:25]  [%emt 00:00:17]} 27... Qh2+ {[%clk 00:26:45]} 28. Nxh2 {
[%clk 00:18:25]} 28... Ng3# 0-1

[Event "Campeonatos de Espana Universitarios 20"]
[Site "Universidad de Alicante, Spai"]
[Date "2019.04.09"]
[Round "3.5"]
[White "Sanchez Gonzalez, Sergio"]
[Black "Balbuena Fuentes, Mario"]
[Result "0-1"]
[WhiteElo "2358"]
[BlackElo "2262"]
[PlyCount "78"]
[EventDate "2019.??.??"]

1. Nf3 {[%clk 00:40:07]  [%emt 00:00:05]} 1... c5 {
[%clk 00:39:01]  [%emt 00:01:11]} 2. g3 {[%clk 00:40:01]  [%emt 00:00:09]} 2...
b6 {[%clk 00:38:59]  [%emt 00:00:07]} 3. Bg2 {[%clk 00:40:00]  [%emt 00:00:15]}
3... Bb7 {[%clk 00:39:00]} 4. O-O {[%clk 00:39:54]  [%emt 00:00:06]} 4... Nf6 {
[%clk 00:38:47]  [%emt 00:00:19]} 5. c4 {[%clk 00:39:52]  [%emt 00:00:09]} 5...
g6 {[%clk 00:38:43]  [%emt 00:00:07]} 6. Nc3 {[%clk 00:39:45]  [%emt 00:00:11]}
6... Bg7 {[%clk 00:38:42]  [%emt 00:00:05]} 7. Re1 {
[%clk 00:38:32]  [%emt 00:01:47]} 7... Ne4 {[%clk 00:38:34]  [%emt 00:00:10]}
8. Nd5 {[%clk 00:34:48]  [%emt 00:03:27]} 8... Nc6 {
[%clk 00:33:19]  [%emt 00:05:18]} 9. d3 {[%clk 00:34:34]  [%emt 00:00:18]} 9...
Nf6 {[%clk 00:33:21]  [%emt 00:00:05]} 10. e4 {[%clk 00:34:03]  [%emt 00:00:34]
} 10... e6 {[%clk 00:31:30]  [%emt 00:01:56]} 11. Nc3 {
[%clk 00:34:00]  [%emt 00:00:08]} 11... e5 {[%clk 00:30:49]  [%emt 00:00:47]}
12. h3 {[%clk 00:32:59]  [%emt 00:01:05]} 12... d6 {
[%clk 00:30:30]  [%emt 00:00:24]} 13. a3 {[%clk 00:31:33]  [%emt 00:01:35]}
13... O-O {[%clk 00:30:10]  [%emt 00:00:20]} 14. Rb1 {
[%clk 00:31:34]  [%emt 00:00:07]} 14... Nd4 {[%clk 00:29:34]  [%emt 00:00:39]}
15. Nxd4 {[%clk 00:24:22]  [%emt 00:07:16]} 15... cxd4 {
[%clk 00:29:08]  [%emt 00:00:37]} 16. Ne2 {[%clk 00:24:25]} 16... Nd7 {
[%clk 00:28:47]  [%emt 00:00:23]} 17. g4 {[%clk 00:23:49]  [%emt 00:00:41]}
17... Qh4 {[%clk 00:23:35]  [%emt 00:05:17]} 18. Ng3 {
[%clk 00:22:19]  [%emt 00:01:36]} 18... Nc5 {[%clk 00:23:03]  [%emt 00:00:35]}
19. Kh2 {[%clk 00:17:19]  [%emt 00:05:07]} 19... Bh6 {
[%clk 00:21:08]  [%emt 00:01:58]} 20. Rg1 {[%clk 00:16:03]  [%emt 00:01:22]}
20... Ne6 {[%clk 00:20:23]  [%emt 00:00:48]} 21. Bf1 {
[%clk 00:15:17]  [%emt 00:00:51]} 21... Kh8 {[%clk 00:18:29]  [%emt 00:02:00]}
22. Qf3 {[%clk 00:15:02]  [%emt 00:00:20]} 22... Bxc1 {
[%clk 00:16:50]  [%emt 00:01:43]} 23. Rxc1 {[%clk 00:15:03]  [%emt 00:00:06]}
23... Nf4 {[%clk 00:16:44]  [%emt 00:00:10]} 24. Ne2 {
[%clk 00:07:52]  [%emt 00:07:16]} 24... Nxe2 {[%clk 00:16:31]  [%emt 00:00:18]}
25. Qxe2 {[%clk 00:07:55]  [%emt 00:00:06]} 25... f5 {
[%clk 00:16:28]  [%emt 00:00:04]} 26. exf5 {[%clk 00:04:32]  [%emt 00:03:28]}
26... gxf5 {[%clk 00:16:18]  [%emt 00:00:14]} 27. f4 {
[%clk 00:02:52]  [%emt 00:01:46]} 27... exf4 {[%clk 00:14:34]  [%emt 00:01:48]}
28. Rc2 {[%clk 00:02:51]  [%emt 00:00:07]} 28... f3 {
[%clk 00:13:03]  [%emt 00:01:36]} 29. Qf2 {[%clk 00:02:55]} 29... Qf6 {
[%clk 00:13:06]  [%emt 00:00:06]} 30. gxf5 {[%clk 00:02:22]  [%emt 00:00:36]}
30... Rg8 {[%clk 00:12:23]  [%emt 00:00:48]} 31. Rg4 {[%clk 00:02:25]} 31...
Rxg4 {[%clk 00:12:03]  [%emt 00:00:26]} 32. hxg4 {
[%clk 00:02:28]  [%emt 00:00:06]} 32... Rg8 {[%clk 00:10:41]  [%emt 00:01:23]}
33. Bh3 {[%clk 00:02:22]  [%emt 00:00:10]} 33... h5 {
[%clk 00:09:31]  [%emt 00:01:15]} 34. gxh5 {[%clk 00:02:26]} 34... Qe5+ {
[%clk 00:08:15]  [%emt 00:01:24]} 35. Kh1 {[%clk 00:02:30]} 35... Rg3 {
[%clk 00:07:55]  [%emt 00:00:24]} 36. Bf1 {[%clk 00:02:34]} 36... Rg5 {
[%clk 00:07:50]  [%emt 00:00:14]} 37. h6 {[%clk 00:01:13]  [%emt 00:01:23]}
37... Rh5+ {[%clk 00:07:13]  [%emt 00:00:42]} 38. Kg1 {[%clk 00:01:17]} 38...
Rxh6 {[%clk 00:06:48]  [%emt 00:00:31]} 39. Qd2 {
[%clk 00:00:52]  [%emt 00:00:30]} 39... Qg7+ {[%clk 00:06:01]  [%emt 00:00:52]}
0-1

[Event "Campeonatos de Espana Universitarios 20"]
[Site "Universidad de Alicante, Spai"]
[Date "2019.04.09"]
[Round "3.6"]
[White "Gimenez Menchon, Cesar"]
[Black "Ruperez Benito, Antonio"]
[Result "1/2-1/2"]
[WhiteElo "2249"]
[BlackElo "2341"]
[PlyCount "136"]
[EventDate "2019.??.??"]

1. e4 {[%clk 00:40:07]  [%emt 00:00:03]} 1... e6 {
[%clk 00:40:09]  [%emt 00:00:03]} 2. d4 {[%clk 00:40:08]  [%emt 00:00:04]} 2...
d5 {[%clk 00:40:12]  [%emt 00:00:04]} 3. Bd3 {[%clk 00:40:09]} 3... dxe4 {
[%clk 00:40:15]  [%emt 00:00:04]} 4. Bxe4 {[%clk 00:40:11]  [%emt 00:00:08]}
4... Nf6 {[%clk 00:40:18]} 5. Bf3 {[%clk 00:40:13]  [%emt 00:00:04]} 5... c5 {
[%clk 00:40:22]} 6. Ne2 {[%clk 00:40:12]  [%emt 00:00:04]} 6... Nc6 {
[%clk 00:40:25]} 7. Be3 {[%clk 00:40:00]  [%emt 00:00:12]} 7... e5 {
[%clk 00:40:29]  [%emt 00:00:43]} 8. Bxc6+ {[%clk 00:39:53]} 8... bxc6 {
[%clk 00:40:32]} 9. dxe5 {[%clk 00:39:50]  [%emt 00:00:03]} 9... Qxd1+ {
[%clk 00:40:34]} 10. Kxd1 {[%clk 00:39:52]} 10... Ng4 {[%clk 00:40:37]} 11. Nd2
{[%clk 00:39:01]  [%emt 00:00:43]} 11... Nxe5 {[%clk 00:40:32]  [%emt 00:00:26]
} 12. Re1 {[%clk 00:38:30]  [%emt 00:00:22]} 12... Ng4 {
[%clk 00:37:20]  [%emt 00:03:15]} 13. Bf4 {[%clk 00:35:11]  [%emt 00:03:24]}
13... Nxf2+ {[%clk 00:35:01]  [%emt 00:02:25]} 14. Kc1 {
[%clk 00:35:14]  [%emt 00:00:03]} 14... Ng4 {[%clk 00:34:35]  [%emt 00:00:30]}
15. Nd4+ {[%clk 00:27:21]  [%emt 00:07:57]} 15... Kd7 {
[%clk 00:34:23]  [%emt 00:00:18]} 16. N4b3 {[%clk 00:26:45]  [%emt 00:00:46]}
16... Ba6 {[%clk 00:18:28]  [%emt 00:15:53]} 17. Ne4 {
[%clk 00:26:04]  [%emt 00:00:46]} 17... Re8 {[%clk 00:17:50]  [%emt 00:00:43]}
18. Nexc5+ {[%clk 00:25:23]  [%emt 00:00:49]} 18... Bxc5 {
[%clk 00:17:54]  [%emt 00:00:03]} 19. Nxc5+ {[%clk 00:25:22]  [%emt 00:00:04]}
19... Kc8 {[%clk 00:17:51]  [%emt 00:00:12]} 20. Ne4 {
[%clk 00:18:28]  [%emt 00:06:52]} 20... Re6 {[%clk 00:13:51]  [%emt 00:04:05]}
21. Nd6+ {[%clk 00:18:18]  [%emt 00:00:15]} 21... Kd7 {
[%clk 00:13:51]  [%emt 00:00:12]} 22. Rd1 {[%clk 00:17:58]  [%emt 00:00:18]}
22... Nf2 {[%clk 00:11:47]  [%emt 00:02:10]} 23. Nxf7+ {
[%clk 00:13:48]  [%emt 00:04:14]} 23... Nxd1 {[%clk 00:11:48]  [%emt 00:00:23]}
24. Nxh8 {[%clk 00:13:47]  [%emt 00:00:06]} 24... Nf2 {
[%clk 00:10:47]  [%emt 00:00:50]} 25. b3 {[%clk 00:12:53]  [%emt 00:00:56]}
25... Re1+ {[%clk 00:06:54]  [%emt 00:03:58]} 26. Kb2 {
[%clk 00:12:56]  [%emt 00:00:21]} 26... Rxa1 {[%clk 00:06:42]  [%emt 00:00:04]}
27. Kxa1 {[%clk 00:12:58]  [%emt 00:00:03]} 27... Ke8 {
[%clk 00:06:41]  [%emt 00:00:03]} 28. Be3 {[%clk 00:10:26]  [%emt 00:02:40]}
28... Ne4 {[%clk 00:06:43]  [%emt 00:00:22]} 29. Bxa7 {
[%clk 00:08:33]  [%emt 00:01:33]} 29... Kf8 {[%clk 00:06:30]  [%emt 00:00:20]}
30. c4 {[%clk 00:07:42]  [%emt 00:01:26]} 30... Kg8 {
[%clk 00:05:18]  [%emt 00:00:46]} 31. Ng6 {[%clk 00:07:09]  [%emt 00:00:39]}
31... hxg6 {[%clk 00:05:20]  [%emt 00:00:03]} 32. Kb2 {
[%clk 00:07:07]  [%emt 00:00:10]} 32... Kf7 {[%clk 00:04:01]  [%emt 00:01:22]}
33. Kc2 {[%clk 00:07:08]  [%emt 00:00:04]} 33... c5 {
[%clk 00:02:26]  [%emt 00:01:38]} 34. Kd3 {[%clk 00:06:09]  [%emt 00:01:04]}
34... Bb7 {[%clk 00:02:30]  [%emt 00:00:32]} 35. Ke3 {
[%clk 00:05:40]  [%emt 00:00:04]} 35... Ke6 {[%clk 00:02:18]  [%emt 00:00:40]}
36. g3 {[%clk 00:04:20]  [%emt 00:01:01]} 36... g5 {
[%clk 00:02:10]  [%emt 00:00:12]} 37. a3 {[%emt 00:01:35]} 37... Kf5 38. h3 {
[%clk 00:02:51]} 38... Ke6 {[%emt 00:03:45]} 39. b4 Nd6 {[%clk 00:00:31]} 40.
Bxc5 {[%clk 00:00:08]  [%emt 00:01:49]} 40... Nxc4+ {
[%clk 00:00:15]  [%emt 00:00:04]} 41. Kd4 {[%clk 00:00:09]  [%emt 00:00:03]}
41... Nxa3 {[%clk 00:00:16]  [%emt 00:00:03]} 42. Bf8 {
[%clk 00:00:09]  [%emt 00:00:06]} 42... Kf7 {[%clk 00:00:15]  [%emt 00:00:07]}
43. Bc5 {[%clk 00:00:10]} 43... Nb5+ {[%clk 00:00:07]  [%emt 00:00:31]} 44. Ke5
{[%clk 00:00:14]  [%emt 00:00:04]} 44... Nc7 {[%clk 00:00:09]} 45. Be3 {
[%clk 00:00:14]} 45... Ne6 {[%clk 00:00:13]} 46. b5 {[%clk 00:00:15]} 46... Bg2
{[%clk 00:00:11]  [%emt 00:00:07]} 47. h4 {[%clk 00:00:15]  [%emt 00:00:18]}
47... g4 {[%clk 00:00:12]} 48. b6 {[%clk 00:00:18]  [%emt 00:00:07]} 48... Nd8
{[%clk 00:00:07]} 49. Bg5 {[%clk 00:00:12]} 49... Nc6+ {
[%clk 00:00:08]  [%emt 00:00:21]} 50. Kd6 {[%clk 00:00:10]} 50... Nd4 {
[%clk 00:00:11]} 51. Bf4 {[%clk 00:00:07]  [%emt 00:00:04]} 51... Ne2 {
[%clk 00:00:07]  [%emt 00:00:07]} 52. Be5 {[%clk 00:00:10]  [%emt 00:00:04]}
52... Nc1 {[%clk 00:00:09]} 53. Kc7 {[%clk 00:00:13]  [%emt 00:00:03]} 53...
Nd3 {[%clk 00:00:12]} 54. Bd6 {[%clk 00:00:16]  [%emt 00:00:03]} 54... Ke6 {
[%clk 00:00:15]  [%emt 00:00:06]} 55. Bf8 {[%clk 00:00:09]  [%emt 00:00:05]}
55... g6 {[%clk 00:00:13]  [%emt 00:00:31]} 56. b7 {[%clk 00:00:11]} 56... Bxb7
{[%clk 00:00:15]} 57. Kxb7 {[%clk 00:00:14]} 57... Kd5 {
[%clk 00:00:19]  [%emt 00:00:05]} 58. Kc7 {[%clk 00:00:12]} 58... Ke4 {
[%clk 00:00:23]} 59. Kd8 {[%clk 00:00:12]} 59... Ne5 {
[%clk 00:00:16]  [%emt 00:00:07]} 60. Ke8 {[%clk 00:00:12]  [%emt 00:00:08]}
60... Kf3 {[%clk 00:00:18]  [%emt 00:00:03]} 61. Bd6 {[%clk 00:00:15]} 61...
Nc4 {[%clk 00:00:13]  [%emt 00:00:13]} 62. Bc7 {
[%clk 00:00:19]  [%emt 00:00:04]} 62... Ne3 {[%clk 00:00:11]  [%emt 00:00:03]}
63. Kf7 {[%clk 00:00:21]  [%emt 00:00:03]} 63... Nf5 {[%clk 00:00:15]} 64. Kxg6
{[%clk 00:00:22]  [%emt 00:00:03]} 64... Nxg3 {[%clk 00:00:18]  [%emt 00:00:03]
} 65. Bxg3 {[%clk 00:00:18]  [%emt 00:00:14]} 65... Kxg3 {[%clk 00:00:22]} 66.
h5 {[%clk 00:00:22]} 66... Kf2 {[%clk 00:00:25]  [%emt 00:00:03]} 67. h6 {
[%clk 00:00:25]} 67... g3 {[%clk 00:00:29]} 68. h7 {[%clk 00:00:28]} 68... g2 {
[%clk 00:00:33]} 1/2-1/2